Halsbury's Laws of England (Record no. 2028)

MARC details
000 -LEADER
fixed length control field 00483nam a22001697a 4500
005 - DATE AND TIME OF INPUT
control field 20240627132841.0
008 - DATA ELEMENTS--GENERAL INFORMATION
fixed length control field 240627b |||||||| |||| 00| 0 eng d
041 ## - LANGUAGE CODE
Language code of text English
082 ## - SHELF NUMBER
DDC number 349 HAL
100 ## - MAIN AUTHOR
Language of a work English
245 ## - TITLE STATEMENT
Title Halsbury's Laws of England
250 ## - EDITION STATEMENT
Edition statement Fourth Edition
260 ## - PUBLICATION, DISTRIBUTION, ETC.
Place of publication, distribution, etc. London:
Name of publisher, distributor, etc. Butterworth and Co. Publishers Ltd,
Date of publication, distribution, etc. 1984
300 ## - PHYSICAL DESCRIPTION
Other physical details 575 pages;
Dimensions 26 cm.
650 ## - SUBJECT`
Broad subject Legal practice
Own subject terms Law
942 ## - ADDED ENTRY ELEMENTS (KOHA)
Item type Books
942 ## - ADDED ENTRY ELEMENTS (KOHA)
-- ALISON_BN_VRIES
Holdings
Source of classification or shelving scheme Volume number (bound volume or other part) Not for loan Collection code Home library Current library Shelving location Date acquired Full call number Barcode Price effective from Koha item type
Dewey Decimal Classification Volume 48   ALL ENGLAND LAW REPORTS LAW SOCIETY OF NAMIBIA LIBRARY - WINDHOEK LAW SOCIETY OF NAMIBIA LIBRARY - WINDHOEK All England Law Reports 06/27/2024 349 HAL LSN/2023/2630 06/27/2024 Books
Dewey Decimal Classification Volume 49   ALL ENGLAND LAW REPORTS LAW SOCIETY OF NAMIBIA LIBRARY - WINDHOEK LAW SOCIETY OF NAMIBIA LIBRARY - WINDHOEK All England Law Reports 06/27/2024 349 HAL LSN/2023/2631 06/27/2024 Books
Dewey Decimal Classification Volume 50   ALL ENGLAND LAW REPORTS LAW SOCIETY OF NAMIBIA LIBRARY - WINDHOEK LAW SOCIETY OF NAMIBIA LIBRARY - WINDHOEK All England Law Reports 06/27/2024 349 HAL LSN/2023/2632 06/27/2024 Books
Dewey Decimal Classification Volume 51   ALL ENGLAND LAW REPORTS LAW SOCIETY OF NAMIBIA LIBRARY - WINDHOEK LAW SOCIETY OF NAMIBIA LIBRARY - WINDHOEK All England Law Reports 06/27/2024 349 HAL LSN/2023/2633 06/27/2024 Books
Dewey Decimal Classification Volume 52   ALL ENGLAND LAW REPORTS LAW SOCIETY OF NAMIBIA LIBRARY - WINDHOEK LAW SOCIETY OF NAMIBIA LIBRARY - WINDHOEK All England Law Reports 06/27/2024 349 HAL LSN/2023/2634 06/27/2024 Books
Dewey Decimal Classification Volume 53   ALL ENGLAND LAW REPORTS LAW SOCIETY OF NAMIBIA LIBRARY - WINDHOEK LAW SOCIETY OF NAMIBIA LIBRARY - WINDHOEK All England Law Reports 06/27/2024 349 HAL LSN/2023/2635 06/27/2024 Books
Dewey Decimal Classification Volume 54   ALL ENGLAND LAW REPORTS LAW SOCIETY OF NAMIBIA LIBRARY - WINDHOEK LAW SOCIETY OF NAMIBIA LIBRARY - WINDHOEK All England Law Reports 06/27/2024 349 HAL LSN/2023/2636 06/27/2024 Books
Dewey Decimal Classification Volume 55   ALL ENGLAND LAW REPORTS LAW SOCIETY OF NAMIBIA LIBRARY - WINDHOEK LAW SOCIETY OF NAMIBIA LIBRARY - WINDHOEK All England Law Reports 06/27/2024 349 HAL LSN/2023/2637 06/27/2024 Books
Dewey Decimal Classification Volume 55   ALL ENGLAND LAW REPORTS LAW SOCIETY OF NAMIBIA LIBRARY - WINDHOEK LAW SOCIETY OF NAMIBIA LIBRARY - WINDHOEK All England Law Reports 06/27/2024 349 HAL LSN/2023/2638 06/27/2024 Books
Dewey Decimal Classification Volume 56   ALL ENGLAND LAW REPORTS LAW SOCIETY OF NAMIBIA LIBRARY - WINDHOEK LAW SOCIETY OF NAMIBIA LIBRARY - WINDHOEK All England Law Reports 06/27/2024 349 HAL LSN/2023/2639 06/27/2024 Books